1503 1175 1110 1531 1252 1921 1798 1342 1981 1594 1995 1660 1724 1329 1649 1155 1399 1090 1036 1433 1277 1401 1348 1821 1034 1576 1670 1354 1998 1792 1180 1798 1279 1088 1509 1605 1875 1862 1749 1552 1096 1811 1362 1160 1848 1006 1900 1608 1693 1494 1218 1989 1104 1316 1532 1636 1996 1396 1612 1718 1508 1489 1529 1586 1794 1424 1179 1104 1262 1137 1289 1424 1220 1642 1375 1293 1083 1290 1879 1836 1957 1684 1672 1420 1209 1730 1331 1782 1973 1385 1783 1231 1459 1479 1398 1009 1574 1491 1482 BCNSPRNW ULIB Ver.6.0+V

เปลี่ยนเป็นภาษาไทย

Change to English
 แสดงรายละเอียดบรรณานุกรม
  กลับหน้าหลัก

Brief Record : Get Marc (ISO 2709) : E-mail record : QR code < ปิดหน้าต่าง
LEADER : 00000nam 2200000uu 4500
001    13399125551
003     ULIB
008    170627s2559||||th 000 0 tha d
020    ^a9786163447685
060    ^aWI300 ก125ด
100    ^aกนกอร บุญพิทักษ์
245    ^aดูแลกระเพาะอาหารและลำไส้
250    ^aพิมพ์ครั้งที่ 1
260    ^aกรุงเทพฯ :^bFeel good Publishing,^c2559
300    ^a224 หน้า^bภาพประกอบ
650    ^aกระเพาะอาหารและลำไส้, โรค^xการดูแล
945    ^p0^l0^i002429
945    ^p0^l0^i002430
999    ^aวรรณษา ชูชัยมงคล
รายการนี้ยังไม่มีแท็ก
คุณยังไม่ได้ล็อกอิน คุณสามารถมีกิจกรรมร่วมกับเว็บไซต์ได้ แต่ต้องล็อกอินก่อน ::
  ล็อกอิน

รายการสื่อสารสนเทศ

ลำดับที่ ประเภท เลขเรียก/บาร์โค้ด สถานที่ สถานะ
1. วิทยาศาสตร์การแพทย์ และสุขภาพ
วิทยาศาสตร์การแพทย์ และสุขภาพ
สถานะ=หนังสือเก่า
WI300 ก125ด ฉ.1 
  Barcode: 002429
ห้องสมุดวิทยาเขตสวรรค์ประชารักษ์
►ส่วนจัดเก็บหนังสือเก่า สปร
บนชั้น
  ขอยืม
2. วิทยาศาสตร์การแพทย์ และสุขภาพ
วิทยาศาสตร์การแพทย์ และสุขภาพ
สถานะ=หนังสือเก่า
WI300 ก125ด ฉ.2 
  Barcode: 002430
ห้องสมุดวิทยาเขตสวรรค์ประชารักษ์
►ส่วนจัดเก็บหนังสือเก่า สปร
บนชั้น
  ขอยืม

รายการใกล้เคียง
    ชื่อเรื่อง [ดูแลกระเพาะอาหารและลำไส้]

    ผู้แต่ง [กนกอร บุญพิทักษ์]

BibComment


ยังไม่เคยถูกคอมเมนท์

คอมเมนท์ทรัพยากรรายการนี้
  คอมเมนท์: ดูแลกระเพาะอาหาร..


 Copyright 2026. Bcnsprnw @Library